000 00317nam a22001337a 4500
008 170614b xxu||||| |||| 00| 0 eng d
020 _a9780385510240
041 _aeng
080 _a32
100 _a19
101 _aSHP
245 _aEND OF THE LINE THE R5ISE AND COMING FALL
_cLYNN.B.C
942 _2udc
_cBK
999 _c17373
_d17373